Villes de France de plus de 30 000 habitants - Statistiques

Statistiques générales
  • Ce quiz a été pris 8 075 fois
    5 775 depuis la dernière actualisation
  • Le résultat moyen est 107 sur 275
Statistiques - réponses
Département Ville % Correct
Paris Paris
98%
Bouches-du-Rhône Marseille
96%
Rhône Lyon
95%
Nord Lille
93%
Loire Atlantique Nantes
93%
Alpes Maritimes Nice
93%
Gironde Bordeaux
92%
Haute-Garonne Toulouse
92%
Bas Rhin Strasbourg
91%
Ile-et-Vilaine Rennes
90%
Hérault Montpellier
89%
Finistère Brest
86%
La Réunion | Seine-Saint-Denis Saint-Denis
85%
Isère Grenoble
84%
Var Toulon
84%
Côte d'Or Dijon
83%
Loire Saint-Etienne
82%
Puy de Dôme Clermont-Ferrand
81%
Seine Maritime Le Havre
80%
Marne Reims
80%
Gard Nîmes
79%
Maine et Loire Angers
78%
Calvados Caen
78%
Moselle Metz
78%
Pyrénées Orientales Perpignan
77%
Seine Maritime Rouen
77%
Meurthe-et-Moselle Nancy
76%
Loiret Orléans
76%
Indre et Loire Tours
76%
Haute Savoie Annecy
74%
Sarthe Le Mans
74%
Corse du Sud Ajaccio
73%
Somme Amiens
73%
Charente Maritime La Rochelle
73%
Bouches du Rhône Aix-en-Provence
72%
Nord Dunkerque
72%
Drôme Valence
72%
Yvelines Versailles
72%
Alpes Maritimes Cannes
71%
Pyrénées Atlantiques Pau
71%
Pas de Calais Calais
70%
Haute Vienne Limoges
70%
Rhône Villeurbanne
69%
Vaucluse Avignon
67%
Haute Corse Bastia
67%
Doubs Besançon
67%
Haut Rhin Mulhouse
67%
Vienne Poitiers
67%
Finistère Quimper
67%
Morbihan Lorient
65%
Hauts de Seine Boulogne-Billancourt
64%
Pas de Calais Boulogne-sur-Mer
64%
Haut Rhin Colmar
64%
Nord Roubaix
63%
Aube Troyes
61%
Savoie Chambéry
60%
Hauts de Seine Nanterre
60%
Morbihan Vannes
60%
Pyrénées Atlantiques Bayonne
59%
Hérault Béziers
58%
Pas de Calais Lens
58%
Nord Tourcoing
58%
Cher Bourges
57%
Manche Cherbourg-en-Cotentin
57%
Val de Marne Creteil
57%
Essonne Evry-Courcouronnes
57%
Martinique Fort-de-France
57%
Territoire de Belfort Belfort
55%
Deux Sèvres Niort
55%
Aude Carcassonne
52%
Ile-et-Vilaine Saint-Malo
52%
Loire Atlantique Saint-Nazaire
52%
Yonne Auxerre
51%
Guyane Cayenne
51%
Nouvelle-Calédonie Nouméa
51%
Val d'Oise Cergy
50%
Aude Narbonne
50%
Mayenne Laval
49%
Tarn-et-Garonne Montauban
49%
Nord Valenciennes
49%
Tarn Albi
48%
Oise Beauvais
48%
Marne Châlons-en-Champagne
48%
Saône-et-Loire Chalon-sur-Saône
48%
Alpes Maritimes Antibes
47%
Val d'Oise Argenteuil
47%
Pas de Calais Arras
47%
Seine-Saint-Denis Aubervilliers
47%
Vendée La Roche-sur-Yon
47%
Seine-Saint-Denis Montreuil
47%
Loir-et-Cher Blois
46%
Indre Châteauroux
46%
Eure Evreux
46%
Mayotte Mamoudzou
46%
Seine Saint Denis Neuilly-sur-Marne
46%
Hauts de Seine Neuilly-sur-Seine
46%
La Réunion Saint-Pierre
46%
Bouches du Rhône Arles
45%
Ardennes Charleville-Mézières
45%
Charente Angoulême
44%
Seine-Saint-Denis Bobigny
44%
Eure et Loire Chartres
44%
Val de Marne Ivry-sur-Seine
44%
Seine et Marne Melun
44%
Côtes d'Armor Saint-Brieuc
44%
La Réunion Saint-Paul
44%
Hautes Pyrénées Tarbes
44%
Hautes Alpes Gap
43%
Nord Villeneuve-d'Ascq
43%
Val de Marne Villeneuve-Saint-Georges
43%
Ain Bourg-en-Bresse
42%
Gironde Mérignac
42%
Aisne Saint-Quentin
42%
Corrèze Brive-la-Gaillarde
41%
Hauts de Seine Issy-les-Moulineaux
41%
Var Fréjus
40%
Var Hyères
40%
Nièvre Nevers
40%
Lot et Garonne Agen
39%
Hauts de Seine Levallois-Perret
39%
Saône et Loire Mâcon
39%
Rhône Vénissieux
39%
Hérault Sète
38%
Val de Marne Vitry-sur-Seine
38%
Hauts de Seine Antony
37%
Hauts de Seine Clichy-la-Garenne
37%
Gironde Pessac
37%
Val d'Oise Sarcelles
37%
Seine et Marne Meaux
36%
Drôme Montélimar
36%
Val d'Oise Pontoise
36%
Maine-et-Loire Cholet
35%
Hauts de Seine Colombes
35%
Vosges Epinal
35%
Seine-Saint-Denis Aulnay-sous-Bois
34%
Seine-Saint-Denis Drancy
34%
Tarn Castres
33%
Gard Alès
32%
Hauts de Seine Asnières-sur-Seine
32%
Hauts de Seine Courbevoie
32%
Nord Douai
32%
Alpes Maritimes Grasse
32%
Bouches du Rhône Istres
32%
Var La Seyne-sur-Mer
32%
La Réunion Le Tampon
32%
Bouches du Rhône Martigues
32%
Yvelines Mantes-la-Jolie
31%
Seine-Saint-Denis Noisy-le-Grand
31%
Seine-Saint-Denis Noisy-le-Sec
31%
Seine-Saint-Denis Saint-Ouen-sur-Seine
31%
Bouches du Rhône Aubagne
30%
Oise Compiègne
30%
Vendée Les Sables-d'Olonne
30%
Seine-Saint-Denis Pantin
30%
Hauts de Seine Rueil-Malmaison
30%
Val de Marne Vincennes
30%
Val de Marne Champigny-sur-Marne
29%
Val de Marne Saint-Maur-des-Fossés
29%
Rhône Villefranche-sur-Saône
29%
Val de Marne Villejuif
29%
Eure et Loire Dreux
28%
Essonne Massy
28%
Yvelines Saint-Germain-en-Laye
28%
Seine-Saint-Denis Bondy
27%
Essonne Corbeil-Essonnes
27%
Oise Creil
27%
Var Draguignan
27%
Hauts de Seine Montrouge
27%
Seine Saint Denis La Courneuve
26%
Loire Roanne
26%
Var Saint-Raphaël
26%
Seine-Saint-Denis Sevran
26%
Moselle Thionville
26%
Nord Cambrai
25%
Allier Montluçon
25%
Hauts de Seine Puteaux
25%
Guyane Saint-Laurent-du-Maroni
25%
Haute Savoie Annemasse
24%
Rhône Bron
24%
Hauts de Seine Clamart
24%
Haute Savoie Thonon-les-Bains
24%
Guadeloupe Les Abymes
23%
Saint-Martin Saint-Martin
23%
Isère Saint-Martin-d'Hères
23%
Seine-Saint-Denis Le Blanc-Mesnil
22%
Essonne Palaiseau
22%
Rhône Vaulx-en-Velin
22%
Alpes Maritimes Cagnes-sur-Mer
21%
Val de Marne Fontenay-sous-Bois
21%
Hauts de Seine Meudon
21%
Val de Marne Nogent-sur-Marne
21%
Yvelines Poissy
21%
Bouches du Rhône Salon-de-Provence
21%
Yvelines Trappes
21%
Hauts de Seine Gennevilliers
20%
Bas Rhin Haguenau
20%
Bouches du Rhône Marignane
20%
Loire Atlantique Saint-Herblain
20%
La Réunion Saint-Louis
20%
Val de Marne Alfortville
19%
Seine Saint Denis Bagnolet
19%
Seine-Saint-Denis Epinay-sur-Seine
19%
Val de Marne Maisons-Alfort
19%
La Réunion Saint-André
19%
Rhône Saint-Priest
19%
Hauts de Seine Suresnes
19%
Seine et Marne Chelles
18%
Bouches du Rhône La Ciotat
18%
Loire Atlantique Rezé
18%
Seine-Saint-Denis Rosny-sous-Bois
18%
La Réunion Saint-Benoït
18%
Yvelines Sartrouville
18%
Gironde Talence
18%
Pyrénées Atlantiques Anglet
17%
Rhône Caluire-et-Cuire
17%
Val de Marne Choisy-le-Roi
17%
Bouches du Rhône Vitrolles
17%
Hauts de Seine Bagneux
16%
Isère Echirolles
16%
Hauts de Seine Malakoff
16%
Vienne Châtellerault
15%
Haute-Garonne Colomiers
15%
Val d'Oise Garges-lès-Gonesse
15%
Indre-et-Loire Joué-lès-Tours
15%
Drôme Romans-sur-Isère
15%
Seine Saint Denis Stains
15%
Seine Saint Denis Villepinte
15%
Val de Marne Charenton-le-Pont
14%
Hauts de Seine Châtillon
14%
Yvelines Les Mureaux
14%
Val de Marne L'Haÿ-les-Roses
14%
Val de Marne Cachan
13%
Seine-Saint-Denis Livry-Gargan
13%
Nord Marcq-en-Barœul
13%
Loire Saint-Chamond
13%
La Réunion Sainte-Marie
13%
Seine Saint Denis Tremblay-en-France
13%
Seine Saint Denis Gagny
12%
Alpes Maritimes Le Cannet
12%
Yvelines Montigny-le-Bretonneux
12%
Bas-Rhin Schiltigheim
12%
Yvelines Houilles
11%
La Réunion Le Port
11%
Pas de Calais Liévin
11%
Yvelines Plaisir
11%
Seine et Marne Pontault-Combault
11%
Meurthe-et-Moselle Vandoeuvre-lès-Nancy
11%
Nord Wattrelos
11%
Yvelines Chatou
10%
Yvelines Conflans-Sainte-Honorine
10%
Rhône Meyzieu
10%
Rhône Rillieux-la-Pape
10%
La Réunion Saint-Joseph
10%
La Réunion Saint-Leu
10%
Essonne Savigny-sur-Orge
10%
Essonne Viry-Châtillon
10%
Essonne Athis-Mons
9%
Hauts de Seine Châtenay-Malabry
9%
Val d'Oise Franconville
9%
Seine-Saint-Denis Pierrefitte-sur-Seine
9%
Var Six-Fours-les-Plages
9%
Gironde Villenave-d'Ornon
9%
Nouvelle-Calédonie Dumbéa
8%
Val d'Oise Goussainville
8%
Martinique Le Lamentin
8%
Val de Marne Le Perreux-sur-Marne
8%
Essonne Sainte-Geneviève-des-Bois
8%
La Réunion La Possession
7%
Gironde Saint-Médard-en-Jalles
7%
Yvelines Le Chesnay-Rocquencourt
6%
Guadeloupe Baie-Mahault
5%
Mayotte Koungou
5%
Guyane Matoury
5%
Essonne Vigneux-sur-Seine
5%
Aucun quiz correspondant
Distribution des résultats
% des personnes avec chaque résultat
Percentile par nombre de réponses
Votre historique - résultats
Vous n’avez pas pris ce quiz depuis la dernière actualisation